Propagation rate coefficient for acrylic acid and selected (meth)acrylate monomers

Guardado en:
Detalles Bibliográficos
Autor principal: Dušička, Eva (Autor)
Otros Autores: Lacík, Igor (Orientador)
Formato: Manuscrito Libro
Lenguaje:eslovaco
inglés
Publicado: 2022
Materias:
Acceso en línea:http://is.stuba.sk/zp/portal_zp.pl?podrobnosti=175633
Etiquetas: Agregar Etiqueta
Sin Etiquetas, Sea el primero en etiquetar este registro!

MARC

LEADER 00000ntm a22000003a 4500
001 stuzp91292
003 SK-STU
005 20220827210516.4
007 ta
008 150427s2015----xo-----f-mn---000-0-slo-d
040 |a STU  |b slo 
041 0 |a eng 
100 1 |a Dušička, Eva  |u 049370  |4 aut  |U FCHPT Ústav prírodných a syntetických polymérov  |T FCHPT Oddelenie plastov, kaučuku a vlákien  |X 93608  |U C9370  |Y 128  |7 93608 
242 0 1 |a Rýchlostná konštanta propagácie kyseliny akrylovej a vybraných (met)akrylátových monomérov  |y slo 
245 1 0 |a Propagation rate coefficient for acrylic acid and selected (meth)acrylate monomers 
260 |c 2022 
650 4 |a kyselina akrylová  |2 slo 
650 4 |a akrylátové a metakrylátové monoméry  |2 slo 
650 4 |a konštanta rýchlosti propagácie  |2 slo 
650 4 |a efekt rozpúšťadla  |2 slo 
650 4 |a radikálová polymerizácia  |2 slo 
650 4 |a PLP-SEC  |2 slo 
650 4 |a PLP-SEC  |2 eng 
650 4 |a acrylic acid  |2 eng 
650 4 |a acrylate and methacrylate monomers  |2 eng 
650 4 |a propagation rate coefficient  |2 eng 
650 4 |a solvent effect  |2 eng 
650 4 |a radical polymerization  |2 eng 
700 1 |a Lacík, Igor  |4 ths  |X 62118  |7 62118 
856 4 |u http://is.stuba.sk/zp/portal_zp.pl?podrobnosti=175633